UEFA Champions League Managers 100 or More Games - Sudden Death - Statistics

General Stats
  • This quiz has been taken 125 times
    124 since last reset
  • The average score is 4 of 9
Answers on the Grid
Answers color-coded by a green-red scale on the quiz's grid according to % correct below.
Alex Ferguson
Antonio Conte
Arrigo Sacchi
Arsène Wenger
Carlo Ancelotti
Diego Simeone
Dusan Bajevic
Ernesto Valverde
Fabio Capello
Fatih Terim
Frank Rijkaard
Hansi Flick
Héctor Cúper
José Mourinho
Jürgen Klopp
Louis van Gaal
Luciano Spalletti
Luis Enrique
Manuel Pellegrini
Marcello Lippi
Massimiliano Allegri
Mircea Lucescu
Ottmar Hitzfeld
Pep Guardiola
Rafael Benítez
Roberto Mancini
Ronald Koeman
Sérgio Conceição
Thomas Tuchel
Unai Emery
Vicente del Bosque
Zinédine Zidane
 
Answer Stats
Answer % Correct
Alex Ferguson
92%
Carlo Ancelotti
70%
Arsène Wenger
53%
José Mourinho
50%
Diego Simeone
38%
Pep Guardiola
36%
Jürgen Klopp
30%
Massimiliano Allegri
6%
Mircea Lucescu
2%
No matching quizzes found
Score Distribution
Percent of People with Each Score
Percentile by Number Answered
Your Score History
You have not taken this quiz since the last reset